Doctor Who 10th Doctor Quiz - Statistics

General Stats
  • This quiz has been taken 586 times
  • The average score is 6 of 12
Answer Stats
Hint Answer % Correct
Actor who played 10th Doctor's first companion Billie Piper
92%
Tenth Doctor's catchphrase Allons-y
80%
The 10th Doctor meets Donna's ____________ in Voyage of the Damned Grandfather
73%
The beach the 10th doctor goes to in Doomsday Bad Wolf Bay
70%
In this episode the Doctor and Donna meet Agatha Christie The Unicorn and The Wasp
63%
In this episode the 10th Doctor says 'Judoon Platoon upon the Moon' Smith and Jones
62%
Name of first episode the 10th Doctor appeared in The Parting of The Ways
51%
The Tenth Doctor and Martha face The Cult of Skaro in this episode Daleks in Manhattan/The Evolution of the Daleks
45%
Tenth Doctor's age at The End of Time 906
37%
Rose gives the Doctor this at the end of Fear Her A cupcake
23%
Gallifreyan diamond sent to Earth in The End of Time White-Point Star
19%
Aliens the Tenth Doctor faced in The School Reunion Krillitanes
18%
No matching quizzes found
Score Distribution
Percent of People with Each Score
Percentile by Number Answered
Your Score History
You have not taken this quiz